Now that you're boss : (Record no. 362538)
[ view plain ]
| 000 -LEADER | |
|---|---|
| fixed length control field | 00502nam a2200133Ia 4500 |
| 008 - FIXED-LENGTH DATA ELEMENTS--GENERAL INFORMATION | |
| fixed length control field | 191108s9999 xx 000 0 und d |
| 020 ## - INTERNATIONAL STANDARD BOOK NUMBER | |
| International Standard Book Number | 978-971-009-294-9 |
| 100 ## - MAIN ENTRY--PERSONAL NAME | |
| Personal name | Olmedo, Yay Padua |
| 245 ## - TITLE STATEMENT | |
| Statement of responsibility, etc | Yay Padua Olmedo.-- |
| Title | Now that you're boss : |
| Remainder of title | Timely and timeless lessons for new (& seasoned) leaders / |
| 260 ## - PUBLICATION, DISTRIBUTION, ETC. (IMPRINT) | |
| Place of publication, distribution, etc | Mandaluyong City : |
| Name of publisher, distributor, etc | OMF Literature Inc. |
| Date of publication, distribution, etc | 2014. |
| 300 ## - PHYSICAL DESCRIPTION | |
| Extent | 148 pages : |
| Dimensions | 18 cm |
| 650 ## - SUBJECT ADDED ENTRY--TOPICAL TERM | |
| Topical term or geographic name as entry element | Christian leadership. |
| 650 ## - SUBJECT ADDED ENTRY--TOPICAL TERM | |
| Topical term or geographic name as entry element | Leadership -- Religious aspects -- Christianity. |
| Withdrawn status | Lost status | Source of classification or shelving scheme | Damaged status | Home library | Current library | Shelving location | Date acquired | Source of acquisition | Total Checkouts | Full call number | Barcode | Date last seen | Price effective from | Koha item type |
|---|---|---|---|---|---|---|---|---|---|---|---|---|---|---|
| Library of Congress Classification | Southville International School Affiliated with Foreign Universities Library | Southville International School Affiliated with Foreign Universities Library | Southville Foreign University Section | 11/08/2019 | Donation | BV 652.1 .Ol51 2014 | SFU0354 | 11/08/2019 | 11/08/2019 | Books |